| 000 | 01049nam a22003257a 4500 | ||
|---|---|---|---|
| 003 | CHAP | ||
| 005 | 20220329133943.0 | ||
| 008 | 971013s1967 iau r 00010 spa d | ||
| 010 | _a13168 | ||
| 011 | _a14140 | ||
| 035 | _a18213 | ||
| 040 | _cCHAP | ||
| 090 | _aFolleto 4889 | ||
| 100 | 0 | 0 |
_aBeal, George M. _911053 |
| 245 | 1 | 0 |
_aAdoption of agricultural technology _c/por George M. Beal |
| 260 |
_aAmes, Iowa : _bState University, _c1967 |
||
| 300 | _a33 p. | ||
| 490 | 0 |
_aRural sociology report _v; 625 |
|
| 590 |
_aBATCH-UPD _b10 _c20130110 _lUCH01 _h0023 |
||
| 590 |
_aBATCH-UPD _b10 _c20130110 _lUCH01 _h2013 |
||
| 590 |
_aBATCH-UPD _b10 _c20130410 _lUCH01 _h1332 |
||
| 590 |
_aBATCH-UPD _b10 _c20130914 _lUCH01 _h1631 |
||
| 590 |
_aCONVERSION _b10 _c20130109 _lUCH01 _h1309 |
||
| 650 | 1 | 4 |
_aAgricultura _xInnovaciones tecnológicas. _91565 |
| 650 | 1 | 4 |
_aIndios de Guatemala _xAgricultura. _957610 |
| 830 | 0 |
_aRural sociology report _v; 625 _9100919 |
|
| 901 | _aBK | ||
| 942 | _cFOLL | ||
| 949 |
_aFolleto 4889 _bBC _cFOLL _d-42509 _eTS1 _i18213 _mD _si |
||
| 999 |
_c13168 _d13168 |
||